书目信息 |
| 题名: |
最后的“皇妃”
|
|
| 作者: | 李玉琴 , 王庆祥 著 | |
| 分册: | 上 | |
| 出版信息: | 北京 人民日报出版社 2012.10 |
|
| 页数: | 258页 | |
| 开本: | 23cm | |
| 丛书名: | ||
| 单 册: | ||
| 中图分类: | K828.5=76 | |
| 科图分类: | ||
| 主题词: | ||
| 电子资源: | ||
| ISBN: | 978-7-5115-1177-5 | |
| 000 | 00829nam0 2200253 450 | |
| 001 | 010050017857 | |
| 005 | 20130504093554.24 | |
| 010 | @a978-7-5115-1177-5@dCNY34.00,CNY68.00(全2册) | |
| 100 | @a20121119d2012 em y0chiy50 ea | |
| 101 | 0 | @achi |
| 102 | @aCN@b110000 | |
| 105 | @aa z 000yb | |
| 106 | @ar | |
| 200 | 1 | @a最后的“皇妃”@9zui hou de“huang fei”@h上@e插图增补本@f李玉琴,王庆祥著 |
| 210 | @a北京@c人民日报出版社@d2012.10 | |
| 215 | @a258页@d23cm | |
| 330 | @a本书共分为九章,主要内容包括:家世;进宫;见闻;丈夫;流浪;守节;离婚;战友;晚年。 | |
| 600 | 0 | @a李玉琴@f(1928-2001)@x回忆录 |
| 600 | 0 | @a李玉琴@f(1928-2001) |
| 690 | @aK828.5=76@v5 | |
| 701 | 0 | @a李玉琴@9li yu qin@4著 |
| 701 | 0 | @a王庆祥@9wang qing xiang@4著 |
| 801 | 0 | @aCN@bRENTIAN@c20121119 |
| 905 | @b542682-86@dK828.5=76@e45:1@f5 | |
| 最后的“皇妃”.上:插图增补本/李玉琴,王庆祥著.-北京:人民日报出版社,2012.10 |
| 258页;23cm |
| ISBN 978-7-5115-1177-5:CNY34.00,CNY68.00(全2册) |
| 本书共分为九章,主要内容包括:家世;进宫;见闻;丈夫;流浪;守节;离婚;战友;晚年。 |
| ● |
| 相关链接 |
|
|
|
|
正题名:最后的"皇妃"
索取号:K828.5=76/45:1
 
预约/预借
| 序号 | 登录号 | 条形码 | 馆藏地/架位号 | 状态 | 备注 |
| 1 | 542682 | 205426822 | 第二样本阅览室/ [索取号:K828.5=76/45:1] | 在馆 | |
| 2 | 542683 | 205426831 | 密集书库-史法系/ [索取号:K828.5=76/45:1] | 在馆 | |
| 3 | 542684 | 205426840 | 密集书库-史法系/ [索取号:K828.5=76/45:1] | 在馆 | |
| 4 | 542685 | 205426859 | 第二借阅区/ [索取号:K828.5=76/45:1] | 在馆 | |
| 5 | 542686 | 205426868 | 第二借阅区/ [索取号:K828.5=76/45:1] | 在馆 |